000 004660000a22001810004500
999 _c47429
_d47429
001 172
003 CO-MdFUSB
005 20171107153057.0
008 171107b xxu||||| |||| 00| 0 eng d
040 _cCO-MdBIC
082 0 4 _a863N D891t
100 1 _aDumas, Alejandro
245 1 0 _aLos tres Mosqueteros / Alejandro Dumas, AdaptacĂ­on : Sergio Lazaro de los Rios
260 _aBogotá : Andes
300 _a111 P.
650 1 4 _aLIteratura Juvenil
942 _cLGB